|
|
|
|
| LEADER |
00656nab a2200181 i 4500 |
| 001 |
misc42991 |
| 005 |
20191106141338.0 |
| 008 |
180730s1991 hu o 0|| zxx d |
| 022 |
|
|
|a 1215-5233
|
| 040 |
|
|
|a SZTE Miscellanea Repozitórium
|b hun
|
| 041 |
|
|
|a zxx
|
| 100 |
1 |
|
|a Kovács Sándor
|
| 245 |
1 |
0 |
|a Pedagógus csoportmunka az újító iskolában
|h [elektronikus dokumentum] /
|c Kovács Sándor
|
| 260 |
|
|
|c 1991
|
| 300 |
|
|
|a 32-37
|
| 490 |
0 |
|
|a Iskolakultúra
|v 1 No. 4
|
| 695 |
|
|
|a Oktatásügy - Magyarország - 20. sz., Pedagógia - Magyarország - 20. sz.
|
| 856 |
4 |
0 |
|u http://misc.bibl.u-szeged.hu/42991/1/iskolakultura_1991_004_032-037.pdf
|z Dokumentum-elérés
|